Social dimensions of education / (Record no. 275958)
[ view plain ]
| 000 -LEADER | |
|---|---|
| fixed length control field | 01058nam a2200217 a 4500 |
| 001 - CONTROL NUMBER | |
| control field | SSB032887 |
| 005 - DATE AND TIME OF LATEST TRANSACTION | |
| control field | 20140930135922.0 |
| 008 - FIXED-LENGTH DATA ELEMENTS--GENERAL INFORMATION | |
| fixed length control field | |
| 020 ## - INTERNATIONAL STANDARD BOOK NUMBER | |
| International Standard Book Number | 9789719924258 |
| 050 ## - LIBRARY OF CONGRESS CALL NUMBER | |
| Classification number | LB 14.7 |
| Item number | .Or77 2011 |
| 100 ## - MAIN ENTRY--PERSONAL NAME | |
| Personal name | Ortinero, Aniceta Manuel. |
| 245 #0 - TITLE STATEMENT | |
| Title | Social dimensions of education / |
| Statement of responsibility, etc | Aniceta Manuel-Ortinero. |
| 260 ## - PUBLICATION, DISTRIBUTION, ETC. (IMPRINT) | |
| Place of publication, distribution, etc | Quezon City : |
| Date of publication, distribution, etc | c2011. |
| Name of publisher, distributor, etc | C & E Publishing, Inc., |
| 300 ## - PHYSICAL DESCRIPTION | |
| Extent | xiv, 300 pages : |
| Dimensions | 22 cm. |
| 504 ## - BIBLIOGRAPHY, ETC. NOTE | |
| Bibliography, etc | Includes bibliographical references and index. |
| 505 ## - FORMATTED CONTENTS NOTE | |
| Miscellaneous information | The six social dimensions in their basic and interdisciplinary forms. -- |
| Title | The historical dimension od education. -- |
| -- | The political dimension of education. -- |
| -- | The economic dimension of education. -- |
| -- | The cultural dimesion of education. -- |
| -- | The sociological dimension of education. -- |
| -- | The socio-psychological dimension of education. -- |
| -- | Globalization and education. |
| 521 ## - TARGET AUDIENCE NOTE | |
| Target audience note | Education |
| 650 ## - SUBJECT ADDED ENTRY--TOPICAL TERM | |
| Topical term or geographic name as entry element | Educational sociology. |
| 650 ## - SUBJECT ADDED ENTRY--TOPICAL TERM | |
| Topical term or geographic name as entry element | School management and organization |
| General subdivision | Social aspects. |
| 942 ## - ADDED ENTRY ELEMENTS (KOHA) | |
| Source of classification or shelving scheme | Library of Congress Classification |
| Koha item type | Books |
| Call number prefix | Foreign |
| Withdrawn status | Lost status | Source of classification or shelving scheme | Damaged status | Home library | Current library | Shelving location | Date acquired | Source of acquisition | Total Checkouts | Full call number | Barcode | Date last seen | Copy number | Price effective from | Koha item type | Date checked out | Total Renewals |
|---|---|---|---|---|---|---|---|---|---|---|---|---|---|---|---|---|---|
| Library of Congress Classification | Archives | Archives | 09/30/2014 | Donation | 1 | LB 14.7 .Or77 2011 | C18758 | 05/08/2018 | 09/30/2014 | Books | 06/11/2015 | 3 | |||||
| Library of Congress Classification | College Library | College Library | Filipiniana Section | 02/08/2013 | Library Fund | LB 14.7 .Or77 2011 | C15083 | 05/08/2018 | 1 | 02/08/2013 | Books | ||||||
| Library of Congress Classification | College Library | College Library | Filipiniana Section | 11/27/2013 | Library Fund | 1 | LB 14.7 .Or77 2011 | C15078 | 05/08/2018 | 2 | 11/27/2013 | Books | 06/19/2015 | ||||
| Library of Congress Classification | College Library | College Library | Filipiniana Section | 09/30/2014 | Library Fund | LB 14.7 .Or77 2011 | C18757 | 05/08/2018 | 09/30/2014 | Books |